000 00632nam a22001937a 4500
005 2010080903303.0
010 _aENG-99134
020 _a818150075-X
_c95.00
035 _aEN-82666
037 _bDBAD/PUB
082 _a881
100 _aBagai,S N
_99237
245 _aStreet lights of life /
_cby S N Bagai
260 _aNew Delhi
_bAravali Books international
_c2007
270 _aW-30 Okhla Industrial Area Phase II
_bNew Delhi
_e110020
300 _a98p
_c19cm(pbk)
942 _2ddc
_cEN
_h881p
_mBAG
999 _c40320
_d40320